| 000 | 01061nas a2200313 4500 | ||
|---|---|---|---|
| 001 | BR0600450 | ||
| 003 | BR-BrBNA | ||
| 005 | 20231205105815.0 | ||
| 007 | ta | ||
| 008 | 230509b bl.|||p| |||| 00| 00por d | ||
| 040 |
_aBR-BrBNA _bpor _cBiblioteca Nacional de Agricultura |
||
| 041 | _a(Pt) | ||
| 072 | _aE14; E50; S30 | ||
| 100 | 1 | _aSchmitt, C.J. | |
| 245 | 1 | _aAquisição de alimentos da agricultura familiar integração entre política agrícola e segurança alimentar e nutricional | |
| 650 | _aALIMENTO | ||
| 650 | _aAGRICULTURA FAMILIAR | ||
| 650 | _aPOLÍTICA AGRÍCOLA | ||
| 650 | _aSEGURANÇA ALIMENTAR | ||
| 650 | _aPEQUENO AGRICULTOR | ||
| 650 | _aFOME ZERO | ||
| 650 | _aBAIXA RENDA | ||
| 650 | _aPROJETO DE DESENVOLVIMENTO | ||
| 650 | _aPROGRAMA DE NUTRIÇÃO | ||
| 773 | 0 |
_tRevista de Política Agrícola (Brazil) _xISSN 1413-4969 _g(Apr-Jun 2005), v. 14(2) p. 78-88 _wBR0600450 |
|
| 856 | 4 |
_uRev_Pol_Agr_v14_n2-2005.pdf#page=79 _yRecurso eletrônico (PDF) |
|
| 909 |
_a202311 _bLúcia _c55 _dLúcia Elande |
||
| 942 |
_2AGRIS _n0 _cANA |
||
| 999 |
_c184778 _d184778 |
||